RICS Home Survey Standard and Hart v Large (Record no. 121340)

MARC details
000 -LEADER
fixed length control field 01353nas a22001937a 4500
007 - PHYSICAL DESCRIPTION FIXED FIELD--GENERAL INFORMATION
fixed length control field ta
008 - FIXED-LENGTH DATA ELEMENTS--GENERAL INFORMATION
fixed length control field 230130s2021 ||||||||o|||| 00| 0 eng d
041 ## - LANGUAGE CODE
Language code of text/sound track or separate title eng
245 ## - TITLE STATEMENT
Title RICS Home Survey Standard and Hart v Large
260 ## - PUBLICATION INFORMATION
Publisher Royal Institution of Chartered Surveyors,
Date 3 February 2021
520 ## - ABSTRACT
Abstract Discusses the case of Hart v Large. The decision by the Court of Appeal in Hart v Large (cited as Large v Hart at the Court of Appeal stage) was handed down in January 2021, with the Court dismissing the appeal and upholding the High Court's judgment. However, the Court of Appeal stressed that this was an unusual case and that the findings should not give rise to a departure from the usual principles governing the measure of loss in claims against surveyors. The High Court case arose from a dispute between purchasers, Mr and Mrs Hart, and an experienced surveyor, Mr Large, whom they engaged to provide a RICS Homebuyer Report. It was argued that he missed significant damp issues in the property.
650 ## - KEYWORDS
Keywords DAMP
650 ## - KEYWORDS
Keywords NEGLIGENCE
650 ## - KEYWORDS
Keywords HOME SURVEYS
651 ## - SUBJECT ADDED ENTRY--GEOGRAPHIC NAME
Geographic name United Kingdom
690 ## - LOCAL SUBJECT ADDED ENTRY--TOPICAL TERM (OCLC, RLIN)
9 (RLIN) 6270
Topical term or geographic name as entry element Survey reports
710 ## - ADDED CORPORATE NAME
9 (RLIN) 4900
Added corporate author Royal Institution of Chartered Surveyors
856 ## - ONLINE RESOURCE
Uniform Resource Identifier https://www.rics.org/uk/news-insight/latest-news/news-opinion/rics-home-survey-standard-and-hart-v-large/
Public note Available on RICS.org
Holdings
Withdrawn status Lost status Damaged status Not for loan Home library Current library Shelving location Date acquired Total Checkouts Date last seen Price effective from Koha item type
        Virtual Virtual Online 30/01/2023   30/01/2023 30/01/2023 Journal article